Answers Contain "Catch" - Statistics

General Stats
  • This quiz has been taken 147 times
  • The average score is 7 of 12
Answer Stats
Hint Answer % Correct
The baseball position played by Yogi Berra catcher
91%
2002 Spielberg film about con man Frank Abagnale Catch Me if You Can
81%
Any famous expression recognized by its repeated utterance catchphrase
75%
1951 novel about teenager Holden Caulfield The Catcher in the Rye
74%
1961 post-modernist satirical novel by Joseph Heller Catch-22
69%
Type of no-kill recreational fishing catch and release
69%
2009 book which is the sequel to The Hunger Games Catching Fire
63%
The English slogan for the Pokémon franchise Gotta Catch 'Em All
53%
Discovery Channel show about crab fishermen Deadliest Catch
45%
Reality TV series hosted by Chris Hansen To Catch a Predator
32%
1955 Cary Grant and Grace Kelly thriller by Hitchcock To Catch a Thief
32%
Another word for drainage basin or watershed catchment
23%
No matching quizzes found
Score Distribution
Percent of People with Each Score
Percentile by Number Answered
Your Score History
You have not taken this quiz